1692 1272 1211 1056 1026 1569 1635 1909 1890 1232 1836 1082 1817 1059 1823 1826 1825 1048 1807 1116 1483 1856 1128 1040 1307 1535 1881 1215 1222 1601 1392 1561 1524 1252 1715 1163 1055 1316 1784 1201 1628 1234 1353 1205 1724 1622 1232 1333 1793 1087 1956 1704 1269 1194 1376 1143 1131 1512 1827 1060 1524 1668 1864 1513 1588 1163 1851 1554 1887 1172 1143 1266 1694 1759 1496 1071 1501 1777 1741 1021 1891 1871 1051 1860 1172 1200 1348 1591 1244 1562 1169 1760 1372 1034 1827 1440 1240 1457 1736 BCNSPRNW ULIB Ver.6.0+V

เปลี่ยนเป็นภาษาไทย

Change to English
 แสดงรายละเอียดบรรณานุกรม
  กลับหน้าหลัก

Brief Record : Get Marc (ISO 2709) : E-mail record : QR code < ปิดหน้าต่าง
LEADER : 00000nam a2200000 a 4500
001    13399128090
003     ULIB
008    210817s2564 th 000 0 tha d
020    ^a9786163980854
040    ^anss
060 04 ^aWY160^bส254ก
100 0  ^aสมบัติ สกุลพรรณ์
245 10 ^aการพยาบาลผู้มีพฤติกรรมการฆ่าตัวตาย =^bNursing care for personswith suicide behavior /^cสมบัติ สกุลพรรณ์
246 31 ^aNursing care for persons with suicide behavior
250    ^aพิมพ์ครั้งที่ 1
260    ^aเชียงใหม่ :^bคณะพยาบาลศาสตร์ มหาวิทยาลัยเชียงใหม่,^c2564
300    ^aก-ซ, 136 หน้า ;^c25 ซม.
650  4 ^aการฆ่าตัวตาย
650  4 ^aการพยาบาลจิตเวชศาสตร์
650  4 ^aพฤติกรรมการฆ่าตัวตาย
650  4 ^aโรคจิตเภท
710 2  ^aมหาวิทยาลัยเชียงใหม่.^bคณะพยาบาลศาสตร์
910    ^aUC-Add Symbol
945    ^p220^l0^i29311
945    ^p220^l0^i29312
945    ^p220^l0^i29313
945    ^p220^l0^i29314
945    ^p220^l0^i29315
995    ^aกัณชพร จุลอักษร
999    ^aกัณชพร
รายการนี้ยังไม่มีแท็ก
คุณยังไม่ได้ล็อกอิน คุณสามารถมีกิจกรรมร่วมกับเว็บไซต์ได้ แต่ต้องล็อกอินก่อน ::
  ล็อกอิน

รายการสื่อสารสนเทศ

ลำดับที่ ประเภท เลขเรียก/บาร์โค้ด สถานที่ สถานะ
1. หนังสือสำรอง
หนังสือสำรอง
WY160 ส254ก ฉ.1 
  Barcode: 29311
ห้องสมุดวิทยาเขตนครสวรรค์
►หนังสือทั่วไป:l:General Books
บนชั้น
2. วิทยาศาสตร์การแพทย์ และสุขภาพ
วิทยาศาสตร์การแพทย์ และสุขภาพ
WY160 ส254ก ฉ.2 
  Barcode: 29312
ห้องสมุดวิทยาเขตนครสวรรค์
►หนังสือทั่วไป:l:General Books
บนชั้น
3. วิทยาศาสตร์การแพทย์ และสุขภาพ
วิทยาศาสตร์การแพทย์ และสุขภาพ
WY160 ส254ก ฉ.3 
  Barcode: 29313
ห้องสมุดวิทยาเขตนครสวรรค์
►หนังสือทั่วไป:l:General Books
บนชั้น
4. วิทยาศาสตร์การแพทย์ และสุขภาพ
วิทยาศาสตร์การแพทย์ และสุขภาพ
WY160 ส254ก ฉ.4 
  Barcode: 29314
ห้องสมุดวิทยาเขตนครสวรรค์
►หนังสือทั่วไป:l:General Books
บนชั้น
5. วิทยาศาสตร์การแพทย์ และสุขภาพ
วิทยาศาสตร์การแพทย์ และสุขภาพ
WY160 ส254ก ฉ.5 
  Barcode: 29315
ห้องสมุดวิทยาเขตนครสวรรค์
►หนังสือทั่วไป:l:General Books
บนชั้น

รายการใกล้เคียง
    ผู้แต่ง [สมบัติ สกุลพรรณ์]

    หัวเรื่อง [การฆ่าตัวตาย]
    หัวเรื่อง [การพยาบาลจิตเวชศาสตร์]
    หัวเรื่อง [พฤติกรรมการฆ่าตัวตาย]
    หัวเรื่อง [โรคจิตเภท]

BibComment


ยังไม่เคยถูกคอมเมนท์

คอมเมนท์ทรัพยากรรายการนี้
  คอมเมนท์: การพยาบาลผู้มีพฤ..


 Copyright 2026. Bcnsprnw @Library